00560 2200217 4500001002100000005001700021008004100038035002400079090001500103100002000118245003800138250001000176260003400186300002700220500002900247650001700276850001500293980001300308985000600321999001500327YOGYA-0209000003239420090227024659.0 ind  0010-020900000032394 a800bHat K aHATTA, Mohammad aKumpulan karangancMohammad Hatta aCet.2 aJakartabBulang Bintangc1976 a... jilidbilusc20 cm aYang diterima : jilid. 1 aKesusastraan aYOPDYOG(M) a13-12-06 a1 a06A0018640